| 000 | 00939nam a22002777a 4500 | ||
|---|---|---|---|
| 005 | 20200104041631.0 | ||
| 008 | 150108b xxu||||| |||| 00| 0 spa d | ||
| 020 | _a9789589870891 | ||
| 040 |
_aCO-BoIAVH _cCO-BoIAVH |
||
| 041 | _aspa | ||
| 044 | _ack | ||
| 090 |
_aEA _b00230 |
||
| 100 | 1 |
_aVillabona-Villamizar, Betty Esperanza _931120 |
|
| 245 | 1 |
_aRecursos Naturales _cBetty Esperanza, Villabona-Villamizar |
|
| 260 |
_aBucaramanga : _bCorporación Autónoma Regional para la Defensa de la Meseta de Bucaramanga-CDMB _c2009 |
||
| 300 |
_a89 pag _bTab. _c28 cm |
||
| 504 | _aIncluye referencias bibliográficas (pag 89) | ||
| 650 |
_aEducación Ambiental _9162 |
||
| 650 |
_aProyecto Pedagógico _931101 |
||
| 650 |
_aCultura Ambiental _95998 |
||
| 650 |
_aEcosistemas _931122 |
||
| 650 |
_aDiversidad Ecológica _931108 |
||
| 650 |
_aRecursos Naturales _931123 |
||
| 651 |
_aParques Naturales _931110 |
||
| 942 |
_2z _cLIBRO |
||
| 999 |
_c8923 _d8923 |
||